Gateways to psychology visual guides and technology tools (Record no. 478504)

000 -LEADER
fixed length control field 00396nam a22001577a 4500
003 - CONTROL NUMBER IDENTIFIER
control field NUST
005 - DATE AND TIME OF LATEST TRANSACTION
control field 20180601061805.0
008 - FIXED-LENGTH DATA ELEMENTS--GENERAL INFORMATION
fixed length control field 180601b ||||| |||| 00| 0 eng d
038 ## - RECORD CONTENT LICENSOR
Staff Name 0
082 ## - DEWEY DECIMAL CLASSIFICATION NUMBER
Classification number 150 COO
100 ## - MAIN ENTRY--PERSONAL NAME
Relator code Dennis Coon
245 ## - TITLE STATEMENT
Title Gateways to psychology visual guides and technology tools
260 ## - PUBLICATION, DISTRIBUTION, ETC.
Place of publication, distribution, etc. Australia
Name of publisher, distributor, etc. Thomson
Date of publication, distribution, etc. 2004
300 ## - PHYSICAL DESCRIPTION
Extent various paging
942 ## - ADDED ENTRY ELEMENTS (KOHA)
Source of classification or shelving scheme
Koha item type Case Studies
Holdings
Withdrawn status Lost status Source of classification or shelving scheme Damaged status Not for loan Collection code Permanent Location Current Location Shelving location Date acquired Total Checkouts Full call number Barcode Date last seen Price effective from Koha item type
            Central Library (CL) Central Library (CL) General Stacks 06/01/2018   150 COO S3H-N-1795 06/01/2018 06/01/2018 Case Studies
© 2023 Central Library, National University of Sciences and Technology. All Rights Reserved.